000 00672nam a2200241 i 4500
001 C2-0222505
003 PPAK
005 20180728151616.0
008 000105s1993 my a|||| ||||| | eng d
020 _a0875961258
040 _aPPAK
_beng
_cPPAK
_erda
082 0 4 _a613
_223
090 0 0 _a613
_bMEN
_dG
245 0 0 _aMen's health advisor
250 _aLafavore, Michael
264 1 _aKuala Lumpur :
_bS. Abdul Majeed ,
_c1993
300 _axv, 303 pages :
_billustrations ;
_c22 cm
336 _2rdacontent
_atext
337 _2rdamedia
_aunmediated
338 _2rdacarrier
_avolume
650 1 0 _aMen - Health and hygiene ; Men - Mental health
942 _ddc
_cB
999 _c143757
_d143757